|
|
|
|
| LEADER |
00000nam0a2200000 4500 |
| 001 |
192790 |
| 005 |
20231031181513.0 |
| 035 |
|
|
|a (RuTPU)RU\TPU\book\210220
|
| 090 |
|
|
|a 192790
|
| 100 |
|
|
|a 20110309d1988 k y0rusy50 ca
|
| 101 |
0 |
|
|a rus
|
| 102 |
|
|
|a RU
|
| 105 |
|
|
|a a z 001zy
|
| 200 |
1 |
|
|a Магматизм рудных районов и узлов (Приморье)
|e сборник научных трудов
|f Академия наук СССР (АН СССР), Дальневосточное отделение (ДВО), Дальневосточный геологический институт ; отв. за вып. Г. Б. Левашев
|
| 210 |
|
|
|a Владивосток
|d 1988
|
| 215 |
|
|
|a 140 с.
|c ил.
|
| 320 |
|
|
|a Библиогр. в конце ст.
|
| 610 |
1 |
|
|a Приморье
|
| 610 |
1 |
|
|a рудные районы
|
| 610 |
1 |
|
|a магматизм
|
| 610 |
1 |
|
|a геохимия
|
| 610 |
1 |
|
|a геохимические данные
|
| 610 |
1 |
|
|a зональность
|
| 610 |
1 |
|
|a образование
|
| 675 |
|
|
|a 553.3/4.062
|v 3
|
| 702 |
|
1 |
|a Левашев
|b Г. Б.
|4 540
|
| 712 |
0 |
2 |
|a Академия наук СССР (АН СССР)
|b Дальневосточное отделение (ДВО)
|b Дальневосточный геологический институт
|2 stltpush
|3 (RuTPU)RU\TPU\col\13467
|
| 801 |
|
1 |
|a RU
|b 63413507
|c 20110309
|
| 801 |
|
2 |
|a RU
|b 63413507
|c 20110321
|g RCR
|
| 942 |
|
|
|c BK
|